Mechanical vibrations (Record no. 23235)
[ view plain ]
| 000 -LEADER | |
|---|---|
| fixed length control field | 01641nam a22002777a 4500 |
| 003 - CONTROL NUMBER IDENTIFIER | |
| control field | NUST - PNEC |
| 005 - DATE AND TIME OF LATEST TRANSACTION | |
| control field | 20170606104815.0 |
| 008 - FIXED-LENGTH DATA ELEMENTS--GENERAL INFORMATION | |
| fixed length control field | 150818b xxu||||| |||| 00| 0 eng d |
| 020 ## - INTERNATIONAL STANDARD BOOK NUMBER | |
| International Standard Book Number | 9788177588743 |
| 020 ## - INTERNATIONAL STANDARD BOOK NUMBER | |
| International Standard Book Number | 8129701790 |
| 040 ## - CATALOGING SOURCE | |
| Transcribing agency | RCMS |
| Original cataloging agency | DLC |
| Language of cataloging | DLC |
| 082 ## - DEWEY DECIMAL CLASSIFICATION NUMBER | |
| Classification number | 620.3 RAO |
| 100 ## - MAIN ENTRY--PERSONAL NAME | |
| 9 (RLIN) | 5248 |
| Personal name | Singiresu S. Rao |
| 245 ## - TITLE STATEMENT | |
| Title | Mechanical vibrations |
| Statement of responsibility, etc. | Singiresu S. Rao |
| 250 ## - EDITION STATEMENT | |
| Edition statement | 4th ed. |
| 260 ## - PUBLICATION, DISTRIBUTION, ETC. | |
| Date of publication, distribution, etc. | c.2004 |
| 300 ## - PHYSICAL DESCRIPTION | |
| Extent | 5248,p: |
| Other physical details | ill: |
| Dimensions | 30,cm. |
| 538 ## - SYSTEM DETAILS NOTE | |
| Display text | Shelf # 10, Row # 2, Mechanical & Aerospace. |
| 650 ## - SUBJECT ADDED ENTRY--TOPICAL TERM | |
| 9 (RLIN) | 5249 |
| Topical term or geographic name entry element | Vibration |
| General subdivision | ME |
| 856 ## - ELECTRONIC LOCATION AND ACCESS | |
| Materials specified | Table of Content Only |
| 942 ## - ADDED ENTRY ELEMENTS (KOHA) | |
| Source of classification or shelving scheme | |
| Koha item type | Book |
| Withdrawn status | Lost status | Source of classification or shelving scheme | Damaged status | Not for loan | Permanent Location | Current Location | Shelving location | Date acquired | Full call number | Barcode | Date last seen | Price effective from | Koha item type | Total Checkouts |
|---|---|---|---|---|---|---|---|---|---|---|---|---|---|---|
| NUST Baluchistan Campus (NBC) | NUST Baluchistan Campus (NBC) | General Stacks | 03/06/2013 | 620.3 RAO | RCMS001287 | 03/06/2013 | 03/06/2013 | Book | ||||||
| NUST Baluchistan Campus (NBC) | NUST Baluchistan Campus (NBC) | General Stacks | 03/06/2013 | 620.3 RAO | RCMS001288 | 03/06/2013 | 03/06/2013 | Book | ||||||
| NUST Baluchistan Campus (NBC) | NUST Baluchistan Campus (NBC) | General Stacks | 03/06/2013 | 620.3 RAO | RCMS001289 | 03/06/2013 | 03/06/2013 | Book | ||||||
| School of Interdisciplinary Engineering and Sciences (SINES) | School of Interdisciplinary Engineering and Sciences (SINES) | General Stacks | 03/06/2013 | 620.3 RAO | RCMS001290 | 03/06/2013 | 03/06/2013 | Book | ||||||
| School of Interdisciplinary Engineering and Sciences (SINES) | School of Interdisciplinary Engineering and Sciences (SINES) | General Stacks | 03/06/2013 | 620.3RAO | RCMS001291 | 03/06/2013 | 03/06/2013 | Book | ||||||
| School of Interdisciplinary Engineering and Sciences (SINES) | School of Interdisciplinary Engineering and Sciences (SINES) | General Stacks | 05/19/2014 | 620.3RAO | RCMS001279 | 05/19/2014 | 05/19/2014 | Book |
